00955 2200301 4500001002100000005001500021035002000036007000300056008004100059020001800100082000800118084001400126084001600140100002900156245013100185250001200316300003900328650002900367700003800396700003500434600003200469264005200501336002100553337003000574338002300604990001300627990001300640INLIS00000000112199720260123013247 a0010-0126000096ta260123 0 ind a9786342490464 a547 aSTTP 4101 aD STTP 41010 aIndra GunawanePengarang1 aPengantar Kimia untuk Teknologi Pangan :b1-9 / STTP4101 / 3 SKS /cIndra Gunawan, Tatang Shabur Julianto, Iffana Dani Maulida aEdisi 1 a487 halaman :billustrasi ;c27 cm 4aTeknologi Pangan - Kimia0 aTatang Shabur JuliantoePengarang0 aIffana Dani MaulidaePengarang 4aFood Technology - Chemistry aTangerang Selatan :bUniversitas Terbuka,c2025 2rdacontentaTeks 2rdamediaaTanpa Perantara 2rdacarrieraVolume a26/30064 a26/90064